| 000 | 00569nam a22001817a 4500 | ||
|---|---|---|---|
| 005 | 20251108175921.0 | ||
| 008 | 250721s2024 xx 000 0 ara d | ||
| 082 | 1 | 4 | _a745.6/عبد |
| 100 | 1 | _aعبد القادر، براء صالح | |
| 245 | 1 | 0 | _aالتفكير الناقد في البنية التصميمية للوحة الخطية / |
| 264 | 1 |
_aعمان : _bخطوط و ظلال للنشر، _c2024. |
|
| 300 | _a188ص. | ||
| 650 | 1 | 7 | _aالفلسفة |
| 650 | 1 | 7 | _aالفنون |
| 650 | 1 | 7 | _aالخط العربي |
| 942 |
_2ddc _cBK |
||
| 999 |
_c145484 _d145484 |
||